01162nam a2200265Ia 4500001000600000003000900006008004100015040001300056040001300069041001300082100001800095100002800113245006700141245006700208250001100275260000900286260003200295260004900327300005700376500036600433650002600799650003100825700001100856700002900867C0035IT-RoPAU130308s9999 xx 000 0 und d aIT-RoPAU cIT-RoPAU aITALIANO aVerdone Mario gCodice Aut. SPICS: 86 aArtefice del film (L')-Riflessioni e testimonianze sulla regia bArtefice del Film (L')-Riflessioni e Testimonianze Sulla Regia a1a ed. aROMA bLa Nuova Italia Scientifica c1993 [1° Ed.:1993 - Ed.Ling.Originale:1993] a"232 p. (prefazione: no ; testo: 232 [pagine: 0-0])" aIntroduzione Alla Regia. Tempi di una Evoluzione. Autore. piano Artistico.Piano Operativo. Esecuzione. Lavoro con L'Attore. in Laboratorio. Stile. Documentario e Suoi Principi. profili con Note biografiche e Opere Di: Rene'Clair, Vittorio De Sica, Akira Kurosawa, Carl Theodor Dreyer, Ernst Lubitsch, Dziga Vertov, Ermanno Olmi. Alcune Testimonianze di Registi. aREGIA CINEMATOGRAFICA eCodice materia Spics: 6803 aAA.VV. gCodice Aut. SPICS: 12000